| 000 | 00479nam a2200145 a 4500 | ||
|---|---|---|---|
| 008 | 080109s0000 ||||||||||||||||| || u | ||
| 020 | _a0852903995 | ||
| 050 | _aHD 31 Ste | ||
| 100 | _aStemp, Peter | ||
| 245 | 1 | 0 | _aAre you managing? |
| 260 |
_aLondon _bIndustrial Society _c1988 |
||
| 300 | _a[x], 154p. : ill. | ||
| 350 | _a0.00 | ||
| 995 |
_D0.00 _FCBU-MAIN LIBRARY (Kitwe) _H1 _I5.95 _M1 _UDAMAGED _ZMain Library Open Access Collection |
||
| 999 |
_c34825 _d34825 |
||